Word Ladder: Circle of Life Quiz Stats

 Plays Quiz Updated Apr 7, 2019

Score 0/21 Timer 03:00
5 Plays Today
Hint 3-Letter Word % Correct
FelineCAT
96.1%
Frying utensilPAN
95.1%
Mufasa, to SimbaDAD
94.4%
♪ More to do than _____ ever be done ♪♪ CAN ♪
94.2%
PurchaseBUY
94%
Rested on a chairSAT
94%
Flying mammal, mistakenly believed to be blindBAT
93.7%
PubBAR
93.2%
♪ And blinking, step into the _____♪ SUN ♪
92.5%
Helicopter standPAD
92.4%
A play on wordsPUN
92.1%
Hint 3-Letter Word % Correct
Part of a tennis matchSET
91.9%
♪ From the _____ we arrive on the planet ♪♪ DAY ♪
91.5%
♪ There's more to _____ than can ever be seen ♪♪ SEE ♪
91%
♪ More to find than can ever be found, _____ the sun rolling high ♪♪ BUT ♪
89.7%
Utter wordsSAY
88.7%
♪ There's _____ too much to take in here ♪♪ FAR ♪
88.6%
CoveBAY
88.4%
A device with rotating bladesFAN
87.3%
Writer GraftonSUE
84.4%
♪ Through the sapphire _____ keeps great and small on the endless round ♪♪ SKY ♪
56.4%

Today's Daily Dose

Missing Word
Video Games (A-Z)

Get the Picture
Tom Hanks

You're not logged in!

Compare scores with friends on all Sporcle quizzes.
OR
Log In

Sporcle TV

Today on Sporcle TV


Watch our educational content, quiz creation guides, and fun videos on Sporcle TV.

Show Comments

Extras

Top Quizzes Today


Score Distribution

Your Account Isn't Verified!

In order to create a playlist on Sporcle, you need to verify the email address you used during registration. Go to your Sporcle Settings to finish the process.

Report this User

Report this user for behavior that violates our Community Guidelines.

Details: